KOHA-Header-6

Sahih Bukhari (Record no. 12235)

000 -LEADER
fixed length control field 00334nam a22001457a 4500
020 ## - INTERNATIONAL STANDARD BOOK NUMBER
ISBN 978-8172311711
082 ## - DEWEY DECIMAL CLASSIFICATION NUMBER
Classification number 972.3
100 ## - MAIN ENTRY--AUTHOR NAME
Personal name Imam Muhammad Bin Ismail Bukhari RA
245 ## - TITLE STATEMENT
Title Sahih Bukhari
250 ## - EDITION STATEMENT
Edition statement Vol-1
260 ## - PUBLICATION, DISTRIBUTION, ETC. (IMPRINT)
Place of publication Lahore
Name of publisher Maktab-a-Islamia
300 ## - PHYSICAL DESCRIPTION
Number of Pages 607
650 ## - SUBJECT ADDED ENTRY--TOPICAL TERM
Topical Term Islamic Publication
942 ## - ADDED ENTRY ELEMENTS (KOHA)
Koha item type Books
Holdings
Withdrawn status Lost status Collection code Permanent Location Current Location Shelving location Date acquired Full call number Accession Number Koha item type
      MAJU MAJU   2019-10-29 972.3 9519 Hadith
      MAJU MAJU   2019-11-30 972.3 9520 Hadith
      MAJU MAJU   2019-11-30 972.3 9521 Hadith
      MAJU MAJU   2019-11-30 972.3 9522 Hadith
      MAJU MAJU   2019-11-30 972.3 9523 Hadith
      MAJU MAJU   2019-11-30 972.3 9524 Hadith
      MAJU MAJU   2019-11-30 972.3 9525 Hadith
      MAJU MAJU   2019-11-30 972.3 9526 Hadith

Powered by Koha